Регионална библиотека "Любен Каравелов" - Русе

Стъпки 2022 (Запис номер 489292)

MARC детайли
000 -Лидер
Лидер 01249nam a2200253 a 4500
003 - Код на организацията, давaща контролен номер
Код на организацията, даваща контролен номер BLK
005 - Дата и час на последна редакция
Дата и час на последна редакция 20240701102648.0
008 - Елементи от данни с фиксирана дължина
Елементи с фиксирана дължина 220204b bu |||||r|||| 00| | bu d
020 ## - Международен стандартен номер на книга ISBN
ISBN 9786192203696
040 ## - Източник на каталожния запис
Код на библиотеката BLK
041 ## - Код за език
Език Български
Език за КДБФ Български
080 ## - УДК
УДК текст Българска литература
УДК код 821.163.2
УДК – определител -32(082)
УДК – код + определител 821.163.2-32(082)
245 ## - Сведения за заглавието
Заглавие Стъпки 2022
Подзаглавни данни Сборник с разкази от курс по творческо писане на Здравка Евтимова
257 ## - Страна на издаване
Страна на създаване/издаване България
260 ## - Област на издателските данни
9 (RLIN) 389463
Място на издаване София
Име на издателя Лексикон
Година на издаване 2022
Печатница (София : Булгед)
Издателство - префикс ISBN 978-619-220-
300 ## - Физическа характеристика
Брой страници 241 с.
Размер 21 см
380 ## - Жанр
Жанр Худож. лит.
501 ## - Забележка „подвързано към”
Подвързано към: Съдържа разкази от: Вероника Иванова, Галина Димитрова, Ирена Стоянова, Краси Николова, Кристина Палазова, Марина Кирова-Борисова, Нели Драганова, Нина Михайлова, Сияна Янева, Стоилка Димитрова, Яна Йорданова.
852 ## - Местоположение
Сигнатура (форматна) Цб 321437
Отдел Хранилище
856 ## - Електронен адрес и достъп
Инструкция (цена за достъп) 0.00
Права за достъп disable
942 ## - АРТИКУЛИ
Вид на библиотечния документ Книги
Скрит в OPAC Не
Koha issues (borrowed), all copies 4
944 ## - СЪЗДАВАНЕ И РЕДАКЦИЯ на ЗАПИСА
Дата на регистрацията/редакция 2024
Служител, извършил регистрацията/редакцията 30530
Номер на служител Минев Младен
999 ## - СИСТЕМНИ КОНТРОЛНИ НОМЕРА
Koha biblionumber 489292
Koha biblioitemnumber 489292
Наличности
Код за отписване Код за изгубен артикул Източник на класификационната схема Код за повреда Коз за рестрикции Код за отдаване Артикулен № Име на библиотеката - собственик Име на библиотеката, в която се намира в момента Статус (Текущо местоположение) Дата на вписване в системата Местоположение - отдел Цена в лева Инвентарен номер Систематично азбучна сигнатура Баркод Цена в евро Служебен тип на артикула
  Не е изгубен Universal Decimal Classification Не е повреден без рестрикции заемане за дома 925652 Регионална библиотека "Любен Каравелов" Русе Регионална библиотека "Любен Каравелов" Русе Заемна - подръчен фонд 2023-03-29 Заемна - подръчен фонд 20.00 120000884909 821.163.2-32/С 88 120000884909 10.23 Книги
  Не е изгубен Universal Decimal Classification Не е повреден без рестрикции заемане за дома 925655 Регионална библиотека "Любен Каравелов" Русе Регионална библиотека "Любен Каравелов" Русе Заемна - подръчен фонд 2023-03-29 Заемна - подръчен фонд 20.00 120000884907 821.163.2-32/С 88 120000884907 10.23 Книги
  Не е изгубен Universal Decimal Classification Не е повреден само за читалня ползва се в читалня 939155 Регионална библиотека "Любен Каравелов" Русе Регионална библиотека "Любен Каравелов" Русе Хранилище 2024-01-17 Хранилище 20.00 120000898188 Цб 321437 120000898188 10.23 Книги
Vip Innovations Ltd, Rousse, Bulgaria 2025